Liedtext - Die Da?! - Die Fantastischen Vier - Statistiken

Allgemein
  • Dieses Quiz wurde 877 mal gespielt
  • Das Durchschnittsergebnis liegt bei 473 aus 685
Antwortstatistiken
Textquiz % Korrekt
da
99%
die
99%
Die
99%
ist
97%
Ist
97%
Es
96%
es
96%
frei
91%
Freitag
91%
'se
91%
Sie
87%
sie
87%
Oder
86%
oder
86%
Am
85%
am
85%
ein
85%
kann
83%
ich
82%
Ich
82%
den
81%
der
81%
nicht
81%
freitags
80%
nie
80%
wie
80%
Nein
78%
das
77%
Das
77%
dir
77%
Frau
77%
steht
77%
an
76%
Und
76%
und
76%
was
74%
Was
74%
mir
73%
Mir
73%
mit
73%
Kopf
72%
schon
72%
verdreht
72%
war
72%
wieder
72%
Eingang
71%
Wo
70%
diese
69%
so
68%
hab
67%
Hallo
67%
du
65%
Du
65%
Thomas
65%
Bar
64%
ja
64%
dem
63%
eine
63%
Mann
63%
Warum
63%
warum
63%
in
62%
mich
62%
wir
62%
Wir
62%
zu
62%
alles
61%
hat
61%
denn
60%
Denn
60%
Grund
60%
klar
60%
Klar
60%
sich
60%
Wer
60%
wer
60%
bei
59%
meine
59%
muss
59%
Na
59%
bin
58%
um
58%
Äh
57%
dass
57%
ganz
57%
Pulli
57%
seh
57%
erzählen
56%
jetzt
56%
Jetzt
56%
Samstag
56%
Äh
55%
ihr
55%
im
55%
passiert
55%
Wochenende
55%
Doch
54%
doch
54%
'nem
54%
Smudo
54%
Sonntag
54%
mal
53%
dicken
51%
glaub
51%
dieser
50%
für
50%
geht
50%
ähnliches
49%
auch
49%
ham'
49%
Hey
49%
hey
49%
neue
49%
uns
49%
Als
48%
als
48%
freu
48%
hätt
48%
noch
48%
dich
47%
haben
47%
Haben
47%
dreht
46%
leisten
46%
dann
45%
gut
45%
hatte
45%
widerfahren
45%
gefragt
44%
Kino
44%
sind
44%
gefallen
43%
sags
43%
sein
43%
hast
42%
Klamotten
42%
Tresen
42%
gehen
41%
Geld
41%
ins
41%
Optimist
41%
schöne
41%
viel
41%
Viel
41%
Zeit
41%
zusammen
41%
eins
40%
kam
40%
neuen
40%
neulich
40%
Schrank
40%
stehen
40%
bezahlt
39%
konkret
39%
mehr
39%
Moment
39%
positiv
39%
Seit
39%
traf
39%
dabei
38%
dieses
38%
eingeladen
38%
gesehen
38%
getan
38%
junge
38%
mit'm
38%
Tee
38%
Teil
38%
Zukunft
38%
blank
37%
dafür
37%
dazu
37%
gebe
37%
kannst
37%
knallen
37%
Korken
37%
Natürlich
37%
verhalten
37%
einsam
36%
Kaffee
36%
nur
36%
Rechnung
36%
sicher
36%
beide
35%
essen
35%
Film
35%
ganze
35%
gemeinsam
35%
Geschenke
35%
ließ
35%
Restaurant
35%
trinke
35%
Wesen
35%
wohl
35%
wollt
35%
ausgeführt
34%
kommen
34%
sehr
34%
bestellt
33%
charmant
33%
gehört
33%
gelacht
33%
hatten
33%
schenken
33%
treffen
33%
unterhalten
33%
wart
33%
elegant
32%
find
32%
getroffen
32%
gingen
32%
Kerzenlicht
32%
Nachmittag
32%
Spaß
32%
verbracht
32%
Wem
32%
wunderschön
32%
allerhand
31%
angemessen
31%
denken
31%
falls
31%
letztem
31%
sagst
31%
stand
31%
toi
31%
waren
31%
bald
30%
führen
30%
gibt
30%
hielt's
30%
interessiert
30%
mache
30%
miteinander
30%
sagte
30%
Übermorgen
30%
ausgemacht
29%
froh
29%
Glückwunsch
29%
Herzlichen
29%
Rendezvous
29%
vorgenommen
29%
Gesell
28%
Möglichst
28%
nochmal
28%
reden
28%
selber
28%
Separé
28%
verabreden
28%
wiederzusehen
28%
wirklich
28%
darauf
27%
Diskothek
27%
seitdem
27%
Solltest
27%
gehabt
26%
geschmiert
26%
lief
26%
stattdessen
26%
Tja
26%
tja
26%
Sorgen
25%
genau
24%
damit
23%
Danke
22%
hab'n
22%
Aha
17%
Gehst
10%
Keine übereinstimmenden Quizze gefunden
Verteilung der Resultate
Anzahl Personen mit jedem Resultat
Perzentil nach korrekt beantworteten Fragen
Ihre Resultats-Entwicklung
Sie haben dieses Quiz noch nicht gespielt